Rock glaciers /

Bibliographic Details
Other Authors: Giardino, John R., Shroder, John F., 1939-, Vitek, John D.
Format: Book
Language:English
Published: Boston : Allen & Unwin, 1987.
Subjects:

MARC

Tag First Indicator Second Indicator Subfields
LEADER 00000cam a22000008a 4500
001 in00000012324
005 20151007051815.0
008 870713s1987 maua b 00100 eng
010 |a  87021301  
020 |a 004551139X (alk. paper) 
035 |a (OCoLC)16469495 
035 |9 AAA4885AM 
040 |a DLC  |c DLC  |d TXA  |d UtOrBLW 
049 |a TXAM  |c [A12640685] 
050 0 0 |a GB581  |b .R62 1987 
082 0 |a 551.3/8  |2 19 
245 0 0 |a Rock glaciers /  |c edited by John R. Giardino, John F. Shroder, Jr., John D. Vitek. 
264 1 |a Boston :  |b Allen & Unwin,  |c 1987. 
300 |a xx, 355 pages :  |b illustrations 
336 |a text  |b txt  |2 rdacontent 
337 |a unmediated  |b n  |2 rdamedia 
338 |a volume  |b nc  |2 rdacarrier 
504 |a Bibliography: pages 306-344. 
500 |a Includes indexes. 
650 0 |a Rock glaciers. 
700 1 |a Giardino, John R. 
700 1 |a Shroder, John F.,  |d 1939- 
700 1 |a Vitek, John D. 
999 |a MARS 
999 f f |s 939156d2-e47b-3502-a103-87935dd1b8e1  |i 932c86d4-e382-3726-a640-151d6a999d6f  |t 0 
952 f f |p normal  |a Texas A&M University  |b College Station  |c Sterling C. Evans Library  |d Evans: Library Stacks  |t 0  |e GB581 .R62 1987  |h Library of Congress classification  |i unmediated -- volume  |m A14812640685 
998 f f |a GB581 .R62 1987  |t 0  |l Evans: Library Stacks